Non-natural rubber materials in medical devices (Record no. 64015)

MARC details
000 -LEADER
fixed length control field 00402nam a2200133Ia 4500
100 ## - MAIN ENTRY--AUTHOR NAME
Personal name Llort F M
245 #0 - TITLE STATEMENT
Title Non-natural rubber materials in medical devices
260 ## - PUBLICATION, DISTRIBUTION, ETC. (IMPRINT)
Name of publisher Proceedings of the Conference of International Rubber Technology, Kuala Lumpur, 1993
Year of publication 1993
300 ## - PHYSICAL DESCRIPTION
Number of Pages 92-98
500 ## - GENERAL NOTE
General note Source Year: 1995
856 ## - ELECTRONIC LOCATION AND ACCESS
Uniform Resource Identifier irrdb
942 ## - ADDED ENTRY ELEMENTS (KOHA)
Koha item type Journals
Holdings
Withdrawn status Lost status Damaged status Not for loan Home library Current library Shelving location Date acquired Serial Enumeration / chronology Koha item type
      Journals RRII Library RRII Library Rubber chemistry 17/12/2021 Volume 4, Issue 1 Journals